000 00281nam a22001337a 4500
999 _c11996
_d11996
020 _a978-1861523723
082 _a658.4
100 _aRos Jay
245 _aThe Seven Deadly Skills of Management
260 _aUSA
_c1999
300 _a480
650 _aManagement
942 _cBK